Catálogo
 En Linea

Eglogas y fabulas castellanas ... / (Registro nro. 17528)

Detalles MARC
000 -CABECERA
campo de control de longitud fija 01034cam a22003011 4500
001 - NÚMERO DE CONTROL
campo de control 000018006
005 - FECHA Y HORA DE LA ÚLTIMA TRANSACCIÓN
campo de control 20200929165320.0
008 - DATOS DE LONGITUD FIJA--INFORMACIÓN GENERAL
campo de control de longitud fija 750411s1944 ag cf 000 0 spa
035 ## - NÚMERO DE CONTROL DEL SISTEMA
Número de control de sistema (DLC) 45009593
035 ## - NÚMERO DE CONTROL DEL SISTEMA
Número de control de sistema (OCoLC)1267941
040 ## - FUENTE DE LA CATALOGACIÓN
Centro catalogador/agencia de origen DO-SdBNP
Centro/agencia transcriptor NNepaSU
Centro/agencia modificador OCoLC
-- DLC
-- BNPHU
050 00 - SIGNATURA TOPOGRÁFICA DE LA BIBLIOTECA DEL CONGRESO
Número de clasificación PQ6184
Número de documento/Ítem .A6
082 ## - NÚMERO DE LA CLASIFICACIÓN DECIMAL DEWEY
Número de clasificación xxxx
Número de documento/Ítem A334e
082 0# - NÚMERO DE LA CLASIFICACIÓN DECIMAL DEWEY
Número de clasificación 861.3082
049 ## - FONDOS LOCALES (OCLC)
Fondos de biblioteca BNGR
100 1# - ENTRADA PRINCIPAL--NOMBRE DE PERSONA
Nombre de persona Alberti, Rafael,
Fechas asociadas al nombre 1902-1999.
9 (RLIN) 9163
245 10 - MENCIÓN DE TÍTULO
Título Eglogas y fabulas castellanas ... /
Mención de responsabilidad, etc. Seleccion y prólogo Rafael Alberti ...
260 ## - PUBLICACIÓN, DISTRIBUCIÓN, ETC.
Lugar de publicación, distribución, etc. Buenos Aires, Argentina :
Nombre del editor, distribuidor, etc. Editorial Pleamar,
Fecha de publicación, distribución, etc. 1944.
300 ## - DESCRIPCIÓN FÍSICA
Extensión 2 v. :
Otras características físicas retrs., láminas. ;
Dimensiones 21 cm.
490 0# - MENCIÓN DE SERIE
Mención de serie Coleccion Mirto
505 0# - NOTA DE CONTENIDO CON FORMATO
Nota de contenido con formato v. 1 Siglos XVI y XVII.--v. 2 Siglos XVII, XVIII y XIX.
650 #0 - PUNTO DE ACCESO ADICIONAL DE MATERIA--TÉRMINO DE MATERIA
Término de materia o nombre geográfico como elemento de entrada Spanish poetry
Subdivisión cronológica Classical period, 1500-1700.
9 (RLIN) 39043
650 #0 - PUNTO DE ACCESO ADICIONAL DE MATERIA--TÉRMINO DE MATERIA
Término de materia o nombre geográfico como elemento de entrada Pastoral poetry, spanish.
9 (RLIN) 39044
650 #0 - PUNTO DE ACCESO ADICIONAL DE MATERIA--TÉRMINO DE MATERIA
Término de materia o nombre geográfico como elemento de entrada Fables, spanish.
9 (RLIN) 39045
700 1# - PUNTO DE ACCESO ADICIONAL--NOMBRE DE PERSONA
Nombre de persona Alberti, Rafael,
Término indicativo de función/relación pról.
9 (RLIN) 39046
830 #0 - PUNTO DE ACCESO ADICIONAL DE SERIE-TÍTULO UNIFORME
Título uniforme Coleccion Mirto
9 (RLIN) 39047
910 ## - DATOS DE OPCIÓN DEL USUARIO (OCLC)
Datos de opción del usuario Catalogación por copia / LC
Existencias
Estado de retiro Estado de pérdida Restricciones de uso No para préstamo Código de colección Localización permanente Ubicación/localización actual Ubicación en estantería Fecha de adquisición Número de inventario Total de préstamos Signatura topográfica completa Código de barras Fecha visto por última vez Precio válido a partir de Tipo de ítem Koha
      Excluido de préstamo Monografías: Libros y Folletos General General En catalogación 08.04.2010 LF1   xxxx 861.3082 A334e 18006-10 25.06.2020 25.06.2020 No se presta

Con tecnología Koha